| 000 | 00610nam a2200241Ia 4500 | ||
|---|---|---|---|
| 003 | OSt | ||
| 005 | 20140318102701.0 | ||
| 008 | 140130s9999 xx 000 0 und d | ||
| 020 | _a0590689452 | ||
| 050 |
_aPZ 7 _b.D439Sq 1998 |
||
| 100 | _adePaola, Tomie. | ||
| 245 |
_cTomie dePaola. _aStrega Nona: _bHer story / |
||
| 260 |
_bScholastic Inc., _cc1998. _aUSA : |
||
| 300 |
_a40 p. : _bcol. ill. ; _c30 cm. |
||
| 440 | _v1 | ||
| 521 | _aG4 | ||
| 526 | _c660 | ||
| 650 |
_aGrandmothers _xFiction. |
||
| 650 |
_aMagic _xFiction. |
||
| 650 |
_aHealing _xFiction. |
||
| 942 |
_cBK _2lcc |
||
| 999 |
_c40914 _d40914 |
||